ARRUPE JESUIT UNIVERSITY

CORONAVIRUS -STOP THE SPREAD - CLEAN,DISINFECT,COVER

The world of Van Gogh, 1853-1890, (Record no. 125450)

MARC details
000 -LEADER
fixed length control field 00951cam a2200313 a 4500
001 - CONTROL NUMBER
control field 278627
003 - CONTROL NUMBER IDENTIFIER
control field ARRUPE
005 - DATE AND TIME OF LATEST TRANSACTION
control field 20161007111319.0
008 - FIXED-LENGTH DATA ELEMENTS--GENERAL INFORMATION
fixed length control field 691015s1969 nyuac b 001 0beng
010 ## - LIBRARY OF CONGRESS CONTROL NUMBER
LC control number 70078988 //r862
035 ## - SYSTEM CONTROL NUMBER
System control number (OCoLC)ocm00024225
035 ## - SYSTEM CONTROL NUMBER
System control number (CStRLIN)NYCG84-B83576
035 ## - SYSTEM CONTROL NUMBER
System control number (NNC)278627
040 ## - CATALOGING SOURCE
Original cataloging agency DLC
Transcribing agency DLC
050 0# - LIBRARY OF CONGRESS CALL NUMBER
Classification number ND653.G7
Item number W34
082 ## - DEWEY DECIMAL CLASSIFICATION NUMBER
Classification number 759.9492
-- B
300 ## - PHYSICAL DESCRIPTION
Other physical details illus. (part col.), ports.
Dimensions 32 cm.
100 1# - MAIN ENTRY--PERSONAL NAME
Personal name Wallace, Robert,
Dates associated with a name 1919-
9 (RLIN) 26558
245 14 - TITLE STATEMENT
Title The world of Van Gogh, 1853-1890,
Statement of responsibility, etc by Robert Wallace and the editors of Time-Life Books.
260 ## - PUBLICATION, DISTRIBUTION, ETC. (IMPRINT)
Place of publication, distribution, etc New York,
Name of publisher, distributor, etc Time-Life Books
Date of publication, distribution, etc [1969]
300 ## - PHYSICAL DESCRIPTION
Extent 192 p.
490 1# - SERIES STATEMENT
Series statement Time-Life library of art
504 ## - BIBLIOGRAPHY, ETC. NOTE
Bibliography, etc Bibliography: p. 184.
600 10 - SUBJECT ADDED ENTRY--PERSONAL NAME
Personal name Gogh, Vincent van,
Dates associated with a name 1853-1890.
9 (RLIN) 26559
710 2# - ADDED ENTRY--CORPORATE NAME
Corporate name or jurisdiction name as entry element Time-Life Books.
9 (RLIN) 26560
830 #0 - SERIES ADDED ENTRY--UNIFORM TITLE
Uniform title Time-Life library of art.
9 (RLIN) 26561
942 ## - ADDED ENTRY ELEMENTS (KOHA)
Source of classification or shelving scheme Library of Congress Classification
Koha item type Monograph ( Printed materials)
Holdings
Withdrawn status Lost status Source of classification or shelving scheme Damaged status Not for loan Collection code Home library Current library Shelving location Date acquired Total Checkouts Full call number Barcode Date last seen Price effective from Koha item type
    Library of Congress Classification     Main Collection ARRUPE LIBRARY ARRUPE LIBRARY Main Collection 07/10/2016   L ND653.G7 W34 46500010622 07/10/2016 07/10/2016 Monograph ( Printed materials)

 

Arrupe Library. PO Box MP320 Mt Pleasant, Harare, Zimbabwe
263 242 745411|librarian@aju.ac.zw